000 01157cam a2200253 4500
001 ABS63502
008 000000n2000 000 0 eng u
035 _a(Sirsi) u110453
100 _aCrossman, H.
245 _aHigher values are required on site waste
260 _c2000
490 _aConstruction News
_v(6697)21 December 2000, 14(1)
520 _aABS
590 _aNew UK and future European legislation is likely to target sustainability and will demand that responsibility for this, best value or added value is clearly assigned within construction contracts. Observes that for real progress to be made in an industry seen by commentators as wasteful and environmentally damaging true collaboration will be required throughout the supply chain legislation.
650 _aADDED VALUE
650 _aBEST VALUE
650 _aCONSTRUCTION WASTE
650 _aPOLLUTION PREVENTION AND CONTROL REGULATIONS 2000
650 _aProcurement-old
650 _aSustainability
_96271
650 _aTOWN AND COUNTRY PLANNING (ENVIRONMENTAL IMPACT ASSESSMENT) REGULATIONS 1999
690 _aBUILT ENVIRONMENT-BUILDING CONTRACT FORMS
942 _n0
999 _c65854
_d65854